00226nam a2200097Ia 4500008004100000100001300041245002900054260001900083260000900102999001700111170620s9999 xx 000 0 und d aBare act 4aThe Limitation Act- 1963 bCommercail Law c2004 c29226d29226